000 00827nam a2200229 a 4500
001 000041741
005 20201002035729.0
008 131016s1987 mx a 001 0 spa d
040 _aDO-SdBNP
_bspa
_cBNPHU
082 _a709.72
_bP348p
100 1 _aPaz, Octavio
_d1914-1998.
_98703
245 1 3 _aLos Privilegios de la vista :
_barte de México /
_cOctavio Paz.
260 _aMéxico, D. F. :
_bFondo de Cultura Economica,
_c1987.
300 _a513 p. :
_bil. ;
_c21 cm.
490 1 _aMéxico en la obra de Octavio Paz
_v3
490 1 _aLetras mexicanas
500 _aIncluye referencias bibliográficas y notas al pie de las páginas.
650 4 _aArte mexicano
_ySIGLO XX
_968587
830 0 _aMéxico en la obra de Octavio Paz
_n3
_968588
830 0 _aLetras mexicanas
_914219
910 _aValidado. Control de calidad MFF
999 _c41230
_d41230